000 00265nam a2200109Ia 4500
008 220204s9999 xx 000 0 und d
082 _a339.138
_bSTA
100 _aStapleton, John
245 0 _aMarketing
260 _aLondon
_bHodder and Stoughton
_c1975
942 _cBK
999 _c35258
_d35258